000 01735nam0a2200373 4500
001 RU\NLR\bibl\1291662
005 20250615144408.0
010 _a978-5-9745-0499-0
_94000
021 _aRU
_b2008-72708
_94174
035 _a(NLR Aleph) 001277336
090 _a476969
_c476969
100 _a20081105d2009 |||y0rusy50 ca
101 0 _arus
102 _aRU
105 _ay |||||||||
200 1 _aКраткий курс по бухгалтерскому управленческому учету
_e[учебное пособие
_eдля студентов высших учебных заведений]
_fЕ.А. Пахомчик
205 _a2-е изд., стер.
210 _aМосква
_cОкей-книга
_d2009 [т.е. 2008]
215 _a137, [1] с.
_d17
225 1 _aСкорая помощь студенту. Краткий курс
225 1 _aЭкзамен?! - Не вопрос! Все ответы здесь!
300 _aКн. фактически издана в 2008 г.
300 _aЗагл. обл.: Бухгалтерский управленческий учет
300 _aНа обл. авт. не указан
512 1 _aБухгалтерский управленческий учет
606 1 _aУправленческий учет
_jУчебные издания для высших учебных заведений
_yРоссийская Федерация
_92240050
_3RU\NLR\auth\661344190
686 _aУ052.9(2)2я73
700 1 _aПахомчик
_bЕ. А.
_gЕлена Александровна
_4070
801 0 _aRU
_bNLR
_c20081105
_gRCR
801 1 _aRU
_bNLR
_c20081105
830 _aАвт. по кн.
942 _cBOOK
980 _aNB